[Event "GER-ch Net Amateur Gr-B Vor2"]
[Site "Playchess.com INT"]
[Date "2020.04.15"]
[Round "7"]
[White "Klemm, Robert"]
[Black "Sundui, Chinguun"]
[Result "1-0"]
[WhiteElo "1637"]
[BlackElo "1726"]
[PlyCount "45"]
[EventDate "2020.04.15"]
[EventType "swiss (blitz)"]
[EventRounds "9"]
[EventCountry "GER"]
[SourceTitle "CBM 196 Extra"]
[Source "ChessBase"]
[SourceDate "2020.07.31"]
[SourceVersion "1"]
[SourceVersionDate "2020.07.31"]
[SourceQuality "1"]

1. d4 Nf6 2. Nf3 c5 3. d5 g6 4. c4 Bg7 5. g3 d6 6. Bg2 0-0 7. 0-0 a6 8. a4 Nbd7 9. Nc3 b6 10. Qc2 Bb7 11. e4 Ne8 12. Nd2 e6 13. Re1 Qc7 14. Kh1 e5 15. f4 f5 16. Nf3 h6 17. Nh4 Kh7 18. exf5 gxf5 19. g4 exf4 20. Nxf5 Kh8 21. Re7 h5 22. Nxg7 Nxg7 23. Qg6 1-0